Statistics for NFL Draft - First Round Quarterbacks

Click here to take the quiz!

General Stats

  • This quiz has been taken 26,774 times
    (6,545 since last reset)
  • The average score is 42 of 65

Answer Stats

YearTeamSchoolQuarterback% Correct
2021PatriotsAlabamaMac Jones
92%
2017ChiefsTexas TechPatrick Mahomes II
91%
2018RavensLouisvilleLamar Jackson
91%
2019GiantsDukeDaniel Jones
91%
2021JaguarsClemsonTrevor Lawrence
90%
2018BrownsOklahomaBaker Mayfield
89%
2018BillsWyomingJosh Allen
88%
2019CardinalsOklahomaKyler Murray
88%
2020DolphinsAlabamaTua Tagovailoa
88%
2020BengalsLSUJoe Burrow
88%
2011PanthersAuburnCam Newton
88%
2017TexansClemsonDeshaun Watson
87%
2021JetsBYUZach Wilson
86%
2016RamsCalJared Goff
86%
2016EaglesNorth Dakota StCarson Wentz 
85%
2021BearsOhio StateJustin Fields
85%
2020ChargersOregonJustin Herbert
84%
2015BucsFlorida StJameis Winston
84%
2004ChargersOle MissEli Manning
83%
2018JetsUSCSam Darnold
82%
2005PackersCalAaron Rodgers
81%
2012ColtsStanfordAndrew Luck
81%
2020PackersUtah StateJordan Love
80%
2017BearsNorth CarolinaMitchell Trubisky
79%
2009LionsGeorgiaMatthew Stafford
79%
202149ersNorth Dakota StTrey Lance
79%
2015TitansOregonMarcus Mariota
77%
2012RedskinsBaylorRobert Griffin III
77%
2019RedskinsOhio StateDwayne Haskins
76%
2018CardinalsUCLAJosh Rosen
75%
200549ersUtahAlex Smith
74%
2008FalconsBoston CollegeMatt Ryan
74%
2014BrownsTexas A&MJohnny Manziel
74%
2004SteelersMiami (OH)Ben Roethlisberger
73%
2008RavensDelawareJoe Flacco
71%
2014JaguarsUCFBlake Bortles
68%
2012DolphinsTexas A&MRyan Tannehill
68%
2014VikingsLouisvilleTeddy Bridgewater
67%
2004GiantsNC StatePhilip Rivers
67%
2010RamsOklahomaSam Bradford
62%
2003BengalsUSCCarson Palmer
62%
2001FalconsVirginia TechMichael Vick
62%
2010BroncosFloridaTim Tebow
60%
2009JetsUSCMark Sanchez
57%
2002TexansFresno StDavid Carr
57%
2006TitansTexasVince Young
56%
2007RaidersLSUJaMarcus Russell
55%
2006BroncosVanderbiltJay Cutler
48%
2016BroncosMemphisPaxton Lynch
46%
2013BillsFlorida StEJ Manuel
40%
2011TitansWashingtonJake Locker
39%
2006CardinalsUSCMatt Leinart
39%
2011JaguarsMissouriBlaine Gabbert
37%
2012BrownsOklahoma StBrandon Weeden
34%
2011VikingsFlorida StChristian Ponder
34%
2009BucsKansas StJosh Freeman
33%
2007BrownsNotre DameBrady Quinn
33%
2000JetsMarshallChad Pennington
32%
2003BearsFloridaRex Grossman
27%
2003JaguarsMarshallByron Leftwich
23%
2005RedskinsAuburnJason Campbell
21%
2002LionsOregonJoey Harrington
21%
2004BillsTulaneJ. P. Losman
16%
2003RavensCalKyle Boller
16%
2002RedskinsTulanePatrick Ramsey
11%

Score Distribution

Percentile by Number Answered

Percent of People with Each Score

Your Score History

You have not taken this quiz since the last reset